000 00334 a2200157 4500
001 59087
020 _a8508063849
040 _cAnchieta - Pituba
100 _aLanna, Ana LĂșcia Duarte
240 1 0 _aRevoltas da senzala
_lpor
245 1 0 _aRevoltas da senzala
300 _a48
362 0 _a2005
650 4 _aBrasil
942 _cBK
999 _c59087
_d59087